Ever After High - Click quiz - Statistiques

Statistiques générales
  • Ce quiz a été pris 106 fois
  • Le résultat moyen est 22 sur 30
Statistiques - réponses
Hint Réponse % Correct
Apple White Blanche Neige
90%
Raven Queen La Méchante Reine
88%
Duchesse Swann Reine des cygnes
88%
C.A Cupid Cupidon
85%
Meeshell Mermaid La Petite sirène
83%
Kitty Cheshire Le chat du Cheshire
83%
Bunny Blanc Lapin blanc
81%
Madeline Hatter Le Chapelier fou
81%
Briar Beauty La Belle aux Bois Dormant
79%
Crystal Winter La Reine et le Roi des Neiges
79%
Holly et Poppy O'hair Raiponce
79%
Ashlynn Ella Cendrillon
77%
Darling, Dexter et Daring Charming Le prince charmant
77%
Blondie Lockes Boucle d'Or
75%
Alistair Wonderland Alice
73%
Farrah Goodfairy Bonne Fée
73%
Ramona Badwolf Le Grand méchant Loup
73%
Cerise Hood Le Petit Chaperon Rouge
73%
Hunter Huntsman Le Chasseur
71%
Cedar Wood Pinocchio
71%
Lizzie Hearts La reine de coeur
67%
Melody Piper Le joueur de flûte de Hamelin
67%
Sparrow Hood Robin des Bois
67%
Justine Dancer La 12ème princesse dansante
65%
Rosabella Beauty La Belle et la Bête
65%
Courtly Jester Joker
63%
Hopper Croakington II Le roi grenouille
60%
Faybelle Thorn Méchante fée
60%
Nina Thumbell La petite poucette
48%
Chase Redford La Reine Rouge
40%
Aucun quiz correspondant
Distribution des résultats
% des personnes avec chaque résultat
Percentile par nombre de réponses
Votre historique - résultats
Vous n’avez pas pris ce quiz